000 00719nam a22001817a 4500
005 20251007110755.0
010 _aHIN-130465
020 _a9789391546656
_c399.00
035 _aHN-102811
037 _bDBAD
082 _a821
100 _aपरवाना
_985391
245 _aकुछ जीवन -मंथन के मोती :
_cपरवाना
_ba vivid collection of thoughtful and shayari /
260 _aनई दिल्ली
_bशब्दांकुर प्रकाशन
_c2022
270 _aजे.-2-41, मदनगीर,
_bनई दिल्ली
_e110062
300 _a90पृ.
_c22 सेमी. (सजिल्द)
942 _2ddc
_cHN
_h821
_mपरवा
999 _c213586
_d213586